[Event "Challenge"]
[Site "http://www.queenalice.com/game.php?id=404803"]
[Date "2008.5.18"]
[Round "-"]
[White "lafasouza"]
[Black "teng109"]
[Result "0-1"]
[WhiteElo "1754"]
[BlackElo "1979"]

1. e4 e5 2. Bc4 Nf6 3. Nf3 Nc6 4. d3 h6 5. a4 Bc5 6. h3 d6 7. c3 a5 8. Qb3 O-O
9. Bd5 Nxd5 10. exd5 Ne7 11. d4 exd4 12. cxd4 Bb6 13. O-O Bf5 14. Be3 Be4 15.
Nbd2 Bxf3 16. Nxf3 Re8 17. Qc4 Qd7 18. b4 axb4 19. Qxb4 Nxd5 20. Qc4 Nxe3 21.
fxe3 Rxe3 22. Qd5 c6 23. Qa2 Rxf3 24. Rad1 Rxf1+ 25. Kxf1 Qf5+ 26. Qf2 Qxf2+ 27.
Kxf2 Rxa4 28. Kf1 Rxd4 29. Ra1 Rf4+ 30. Ke2 Rf2+ 31. Ke1 Rxg2 32. Ra8+ Kh7 33.
Rb8 Ba5+ 34. Kf1 Rb2 35. Ra8 b6 36. Ra7 Kg6 37. h4 c5 38. Rd7 c4 39. Rxd6+ Kf5
40. Rd5+ Kg4 41. Rd4+ Kf3 42. Rxc4 Rb1+ 0-1

[Event "593"]
[Site "http://www.queenalice.com/game.php?id=406702"]
[Date "2008.5.23"]
[Round "-"]
[White "phystutordotcom"]
[Black "teng109"]
[Result "0-1"]
[WhiteElo "2045"]
[BlackElo "1945"]

1. Nf3 Nf6 2. d3 d5 3. Nbd2 c6 4. g3 Bf5 5. Bg2 e6 6. O-O Nbd7 7. Re1 Bc5 8. h3
h5 9. e4 dxe4 10. dxe4 Qb6 11. exf5 Bxf2+ 12. Kh2 Bxe1 13. Qxe1 Nc5 14. fxe6
Nxe6 15. Nc4 Qc7 16. Bf4 Qd7 17. Ng5 O-O 18. Nxe6 Qxe6 19. Qxe6 fxe6 20. Re1 Nd5
21. Be5 Rf2 22. Kg1 Rxc2 23. Be4 Rxc4 0-1

[Event "592"]
[Site "http://www.queenalice.com/game.php?id=406714"]
[Date "2008.5.23"]
[Round "-"]
[White "teng109"]
[Black "phystutordotcom"]
[Result "1-0"]
[WhiteElo "1965"]
[BlackElo "2026"]

1. e4 g6 2. d4 Bg7 3. c4 d6 4. Nc3 e5 5. d5 Nf6 6. Nf3 Nbd7 7. Bd3 Nc5 8. Bc2 a5
9. O-O O-O 10. g3 Bh3 11. Re1 h6 12. Be3 Ng4 13. Bxc5 dxc5 14. Bd3 f5 15. Bf1
Bxf1 16. Rxf1 Nf6 17. Nxe5 Nxe4 18. Nxg6 Re8 19. Nxe4 fxe4 20. Qg4 Qf6 21. Rae1
Qxb2 22. Rxe4 Qf6 23. Rfe1 Rxe4 24. Rxe4 Kh7 25. Re6 Qb2 26. Qf5 1-0

[Event "Challenge"]
[Site "http://www.queenalice.com/game.php?id=407057"]
[Date "2008.5.23"]
[Round "-"]
[White "teng109"]
[Black "Danilo_Machado_Pires"]
[Result "0-1"]
[WhiteElo "1983"]
[BlackElo "1969"]

1. e4 e5 2. f4 exf4 3. Nf3 Nc6 4. Bc4 h6 5. h4 Be7 6. d4 d6 7. Bxf4 Bg4 8. O-O
Bxh4 9. Nc3 Qd7 10. e5 dxe5 11. Bxe5 f6 12. Bf4 O-O-O 13. d5 Ne5 14. Nxe5 fxe5
0-1

[Event "Let's Play Chess!"]
[Site "http://www.queenalice.com/game.php?id=407078"]
[Date "2008.5.23"]
[Round "-"]
[White "teng109"]
[Black "Artking"]
[Result "1-0"]
[WhiteElo "1930"]
[BlackElo "1940"]

1. e4 g6 2. d4 Bg7 3. f4 d6 4. h3 c5 5. c3 cxd4 6. cxd4 Nf6 7. Nc3 O-O 8. Nf3
Nc6 9. Bd3 e5 10. dxe5 dxe5 11. fxe5 Nd7 12. Bg5 Ndxe5 13. Bxd8 1-0

[Event "Let's Play Chess!"]
[Site "http://www.queenalice.com/game.php?id=407079"]
[Date "2008.5.24"]
[Round "-"]
[White "teng109"]
[Black "dnptrs"]
[Result "1-0"]
[WhiteElo "1966"]
[BlackElo "2120"]

1. e4 c5 2. Nf3 Nc6 3. Bb5 a6 4. Bxc6 dxc6 5. O-O Qc7 6. d3 e5 7. h3 Bd6 8. c4
f6 9. Nc3 Ne7 10. b3 O-O 11. Ne2 Ng6 12. Ne1 Bd7 13. Ng3 Rad8 14. Qh5 Be8 15.
Nf5 Ne7 16. Nxe7+ Bxe7 17. Qe2 Bd7 18. Ba3 f5 19. f3 f4 20. Qf2 b6 21. Nc2 Be6
22. Rad1 Rd7 23. Rd2 Qd8 24. Rfd1 Bh4 25. Qf1 Qc7 26. d4 Rfd8 27. d5 Bf7 28. Bb2
Bf6 29. Qf2 Qc8 30. Bc3 Qa8 31. g3 Rd6 32. gxf4 Re8 33. fxe5 Bxe5 34. Bxe5 Rxe5
35. Qh2 Qe8 36. dxc6 Rg6+ 37. Kf2 Rxe4 38. fxe4 1-0

[Event "Let's Play Chess!"]
[Site "http://www.queenalice.com/game.php?id=407080"]
[Date "2008.5.24"]
[Round "-"]
[White "teng109"]
[Black "Carlos75"]
[Result "0-1"]
[WhiteElo "1947"]
[BlackElo "2482"]

1. e4 e5 2. f4 exf4 3. Nf3 g5 4. Bc4 g4 5. Ne5 Qh4+ 6. Kf1 Nh6 7. d4 d6 8. Nd3
f3 9. gxf3 gxf3 10. Qxf3 Bh3+ 0-1

[Event "Let's Play Chess!"]
[Site "http://www.queenalice.com/game.php?id=411006"]
[Date "2008.5.31"]
[Round "-"]
[White "teng109"]
[Black "OoK"]
[Result "0-1"]
[WhiteElo "1986"]
[BlackElo "2109"]

1. e4 c5 2. f4 d5 3. exd5 Nf6 4. Nc3 Nxd5 5. Nxd5 Qxd5 6. b3 Qd4 7. Ba3 e6 8.
Nh3 Be7 9. c3 Bh4+ 10. g3 Qe4+ 11. Qe2 Bxg3+ 12. hxg3 Qxh1 13. Bxc5 Qc6 14. Qe5
f6 15. Qd4 Nd7 16. Bb4 Kf7 17. f5 Ne5 18. fxe6+ Bxe6 19. O-O-O a5 20. Ba3 a4 21.
Nf4 axb3 22. Nxe6 Qxe6 0-1

[Event "Let's Play Chess!"]
[Site "http://www.queenalice.com/game.php?id=411007"]
[Date "2008.5.31"]
[Round "-"]
[White "OoK"]
[Black "teng109"]
[Result "1-0"]
[WhiteElo "2097"]
[BlackElo "1988"]

1. e4 d5 2. exd5 Nf6 3. Be2 Nxd5 4. Nf3 Nc6 5. d4 g6 6. c4 Nb6 7. d5 Nb8 8. Nc3
Bg7 9. Be3 O-O 10. Qd2 c6 11. Rd1 Qc7 12. Bf4 Qd7 13. Ne5 Bxe5 14. Bxe5 f6 15.
Bg3 Rd8 16. O-O cxd5 17. cxd5 e5 18. f4 Qd6 19. fxe5 fxe5 20. Ne4 1-0

[Event "Challenge"]
[Site "http://www.queenalice.com/game.php?id=411008"]
[Date "2008.5.31"]
[Round "-"]
[White "spawnwolfwolverine"]
[Black "teng109"]
[Result "0-1"]
[WhiteElo "1651"]
[BlackElo "1976"]

1. e4 e5 2. d3 Nc6 3. Nf3 Bc5 4. Be2 h6 5. O-O Nf6 6. c3 a5 7. a3 O-O 8. Nbd2 d5
9. b4 axb4 10. cxb4 Bd6 11. Bb2 b5 12. exd5 Nxd5 13. Nb3 Nf4 14. Nc5 Bxc5 15.
bxc5 Qd5 16. d4 Bh3 17. gxh3 Qe4 18. Re1 Qg6+ 19. Kf1 Qg2# 0-1

[Event "Challenge"]
[Site "http://www.queenalice.com/game.php?id=411009"]
[Date "2008.5.31"]
[Round "-"]
[White "teng109"]
[Black "spawnwolfwolverine"]
[Result "1-0"]
[WhiteElo "1975"]
[BlackElo "1605"]

1. e4 e5 2. f4 d6 3. Nf3 Bg4 4. Bc4 c6 5. Nc3 a6 6. a4 Nd7 7. O-O b5 8. axb5
axb5 9. Bxf7+ Kxf7 10. Rxa8 Qxa8 11. Ng5+ Ke8 12. Qxg4 Ngf6 13. Qe6+ Be7 14.
Qf7+ Kd8 15. Ne6+ Kc8 16. Qxe7 Kb7 17. d3 Re8 18. Qxd6 g6 19. Be3 Rxe6 20. Qxe6
Qa5 21. fxe5 b4 22. exf6 Nxf6 23. Rxf6 bxc3 24. Rf7+ Qc7 25. Rxc7+ Kxc7 26. b4
h5 27. Qe7+ Kc8 28. Bf4 g5 29. Qc7# 1-0

[Event "Challenge"]
[Site "http://www.queenalice.com/game.php?id=413069"]
[Date "2008.6.4"]
[Round "-"]
[White "ORNELAS"]
[Black "teng109"]
[Result "0-1"]
[WhiteElo "1664"]
[BlackElo "1977"]

1. e4 c5 2. e5 e6 3. Nf3 d5 4. d4 cxd4 5. Qxd4 a6 6. Bg5 Qc7 7. c3 Bc5 8. Qh4
Nc6 9. g3 Nxe5 10. Bg2 Nd3+ 11. Ke2 Nxf2 12. Rf1 Ne4 13. Nbd2 Nd6 14. Ne5 f6 15.
Qh5+ g6 16. Nxg6 Qf7 17. Bxf6 Nxf6 18. Rf4 Nxh5 19. Rxf7 Nxf7 20. Nxh8 Nxh8 21.
Rf1 Bd7 22. Bf3 Ng7 23. Rc1 Ke7 24. c4 Kd6 25. cxd5 exd5 26. Nb3 Bb6 27. Rd1
Bb5+ 28. Kd2 Rf8 29. Bxd5 Kxd5 30. Kc1+ Ke4 31. Nd2+ Ke3 32. Re1+ Kf2 33. Re7
Ng6 34. Rxg7 Rc8+ 35. Kb1 Bd3+ 36. Ka1 Rc1+ 37. Nb1 Rxb1# 0-1

[Event "Let's Play Chess!"]
[Site "http://www.queenalice.com/game.php?id=415515"]
[Date "2008.6.10"]
[Round "-"]
[White "biscuter"]
[Black "teng109"]
[Result "1-0"]
[WhiteElo "2347"]
[BlackElo "1988"]

1. e4 c6 2. d4 d5 3. Nd2 g6 4. Ngf3 Bg7 5. c3 Bg4 6. h3 Bxf3 7. Qxf3 Nf6 8. e5
Nfd7 9. Be2 O-O 10. O-O e6 11. Qd3 c5 12. f4 Nc6 13. Nf3 cxd4 14. cxd4 Rc8 15.
Bd2 f6 16. Rac1 a6 17. Kh2 b5 18. a4 bxa4 19. Qxa6 Nb6 20. Qb5 Na7 21. Rxc8
Naxc8 22. Bd3 Bh6 23. g3 Na7 24. Qc5 Qb8 25. exf6 Rxf6 26. Qe7 Bg7 27. Ne5 Nc4
28. Bc3 Nb5 29. Nd7 1-0

[Event "Let's Play Chess!"]
[Site "http://www.queenalice.com/game.php?id=415516"]
[Date "2008.6.11"]
[Round "-"]
[White "Lightningzap007"]
[Black "teng109"]
[Result "0-1"]
[WhiteElo "1912"]
[BlackElo "1998"]

1. e4 c6 2. d4 d5 3. exd5 cxd5 4. Bd3 Nc6 5. c3 Nf6 6. Bf4 Qb6 7. Qb3 Qxb3 8.
axb3 Bg4 9. Nd2 e6 10. Ngf3 h6 11. O-O g5 12. Bg3 Nh5 13. h3 Bxf3 14. Nxf3 Nxg3
15. fxg3 Bd6 16. g4 Ke7 17. Rae1 Bg3 18. Re2 a5 19. c4 Rhd8 20. cxd5 Rxd5 21.
Bc4 Nxd4 22. Nxd4 Rxd4 23. Re3 Bf4 24. Re2 Rad8 25. Rfe1 Bg3 26. Rf1 Rd1 0-1

[Event "Let's Play Chess!"]
[Site "http://www.queenalice.com/game.php?id=415517"]
[Date "2008.6.10"]
[Round "-"]
[White "teng109"]
[Black "Donidon"]
[Result "1/2-1/2"]
[WhiteElo "1985"]
[BlackElo "2317"]

1. e4 e5 2. Nc3 Nf6 3. Bc4 Bb4 4. f4 Nxe4 5. Nxe4 d5 6. c3 dxe4 7. cxb4 exf4 8.
d3 Qh4+ 9. Kf1 Bg4 10. Qa4+ c6 11. dxe4 O-O 12. Qc2 Nd7 13. Bxf4 Qf6 14. Qf2 Ne5
15. Bxe5 Qxe5 16. Re1 Be6 17. Bxe6 Qb5+ 18. Qe2 fxe6+ 19. Nf3 Qxb4 20. Rd1 Rf4
21. e5 Raf8 22. a3 Qa4 23. Rd7 Re4 24. b3 Rxe2 25. bxa4 Ra2 26. Rg1 g5 27. h3 h5
28. Ke1 Rf5 29. Rd4 Kf7 30. a5 Ke8 31. Rb4 c5 32. Rxb7 g4 33. hxg4 hxg4 34. Rxa7
gxf3 35. gxf3 Rxe5+ 36. Kf1 Ra1+ 37. Kf2 Ra2+ 38. Kf1 Ra1+ 39. Kf2 Ra2+ 40. Kf1
1/2-1/2

[Event "Let's Play Chess!"]
[Site "http://www.queenalice.com/game.php?id=415518"]
[Date "2008.6.11"]
[Round "-"]
[White "teng109"]
[Black "boilermaker1234"]
[Result "0-1"]
[WhiteElo "1977"]
[BlackElo "2110"]

1. e4 Nc6 2. d4 d5 3. Nc3 dxe4 4. d5 Nb4 5. Nxe4 Bf5 6. c4 Bxe4 7. Qa4+ Nc6 8.
dxc6 Bxc6 9. Qc2 Nf6 10. Be2 Bxg2 0-1

[Event "Challenge"]
[Site "http://www.queenalice.com/game.php?id=416069"]
[Date "2008.6.11"]
[Round "-"]
[White "chuckvondra"]
[Black "teng109"]
[Result "0-1"]
[WhiteElo "1997"]
[BlackElo "1980"]

1. e4 e5 2. Nf3 Nf6 3. Nxe5 d6 4. Nf3 Nxe4 5. d4 d5 6. Bd3 Be7 7. O-O Nc6 8. Re1
Bg4 9. Bxe4 dxe4 10. Rxe4 Bxf3 11. Qxf3 Nxd4 12. Qg4 Nxc2 13. Nc3 Qd7 14. Qxd7+
Kxd7 15. Rb1 Bd6 16. Bd2 Rhe8 17. Rd4 Nxd4 0-1

[Event "Let's Play Chess!"]
[Site "http://www.queenalice.com/game.php?id=422398"]
[Date "2008.6.27"]
[Round "-"]
[White "teng109"]
[Black "chessman"]
[Result "1-0"]
[WhiteElo "1964"]
[BlackElo "2101"]

1. e4 e6 2. d4 d5 3. Nd2 Nf6 4. e5 Nfd7 5. Bd3 c5 6. c3 Nc6 7. Ne2 Qb6 8. Nf3
cxd4 9. cxd4 Bb4+ 10. Bd2 Bxd2+ 11. Qxd2 Qb4 12. Rc1 Nb6 13. Nc3 Bd7 14. a3 Qe7
15. Nb5 O-O 16. Nd6 Bc8 17. Qf4 f5 18. O-O Rb8 19. Rc5 Bd7 20. b4 Nc8 21. b5 Nd8
22. Rfc1 Nf7 23. Nxf5 exf5 24. e6 Bxe6 25. Qxb8 Nb6 26. Qxa7 1-0

[Event "Let's Play Chess!"]
[Site "http://www.queenalice.com/game.php?id=422400"]
[Date "2008.6.27"]
[Round "-"]
[White "teng109"]
[Black "stanislawski"]
[Result "0-1"]
[WhiteElo "1974"]
[BlackElo "2123"]

1. e4 e6 2. d4 d5 3. e5 c5 4. c3 Nc6 5. Nf3 Bd7 6. Be2 Qb6 7. O-O Be7 8. b3 f6
9. dxc5 Bxc5 10. Bf4 g5 11. Bg3 g4 12. exf6 gxf3 13. f7+ Kxf7 14. Bxf3 Nf6 15.
Bh5+ Kg7 16. Bh4 Ne5 17. Kh1 Rhf8 18. f4 Ng6 19. Bxf6+ Rxf6 20. Qg4 Raf8 21. h4
Rxf4 0-1

[Event "Let's Play Chess!"]
[Site "http://www.queenalice.com/game.php?id=422401"]
[Date "2008.6.27"]
[Round "-"]
[White "JoseRamon"]
[Black "teng109"]
[Result "1-0"]
[WhiteElo "2095"]
[BlackElo "1986"]

1. e4 e6 2. Nf3 d5 3. Nc3 Nf6 4. e5 Nfd7 5. d4 c5 6. dxc5 Bxc5 7. Bd3 Nc6 8. Bf4
f6 9. exf6 Nxf6 10. Qe2 O-O 11. O-O-O Ng4 12. Bxh7+ Kxh7 13. Ng5+ Kg6 14. Nxe6
Bxe6 15. Qxe6+ Nf6 16. Rxd5 Qe7 17. Qf5+ Kf7 18. Rxc5 Nd4 19. Qe5 1-0

[Event "Challenge"]
[Site "http://www.queenalice.com/game.php?id=423336"]
[Date "2008.6.26"]
[Round "-"]
[White "li2carpio"]
[Black "teng109"]
[Result "0-1"]
[WhiteElo "1937"]
[BlackElo "1984"]

1. e4 e6 2. d4 d5 3. e5 c5 4. Nf3 Nc6 5. Be2 cxd4 6. Nxd4 Nxe5 7. O-O Bc5 8. c3
Nf6 9. Bg5 h6 10. Bf4 Ng6 11. Be3 Qb6 12. b4 Bxd4 13. Bxd4 Qc7 14. Nd2 e5 15.
Be3 Qxc3 16. Rc1 Qxb4 17. Bc5 Qf4 18. Bb5+ Bd7 19. Bxd7+ Nxd7 20. Bd6 Qf6 21.
Ba3 Ne7 22. Qb3 Nb6 23. Rc7 Nc6 24. Rxb7 O-O-O 25. Rxb6 axb6 26. Qxb6 Rd7 27.
Rc1 Rc7 28. Nb3 h5 29. Na5 Rh6 30. h3 Rg6 31. Nb3 Qf3 32. g3 h4 33. g4 Qxh3 34.
Qa6+ Kb8 35. Qb5+ Rb7 36. Qe2 Rxg4+ 37. Qxg4 Qxg4+ 38. Kf1 h3 39. Rxc6 Qd1# 0-1

[Event "Challenge"]
[Site "http://www.queenalice.com/game.php?id=425305"]
[Date "2008.6.30"]
[Round "-"]
[White "teng109"]
[Black "KLEOJ"]
[Result "0-1"]
[WhiteElo "1986"]
[BlackElo "2077"]

1. e4 c5 2. e5 Nc6 3. Nf3 d5 4. exd6 exd6 5. d4 d5 6. Bb5 Bd7 7. dxc5 Bxc5 8.
Qxd5 Qe7+ 9. Be3 Bxe3 10. O-O O-O-O 11. Re1 Qc5 0-1

[Event "Challenge"]
[Site "http://www.queenalice.com/game.php?id=430242"]
[Date "2008.7.9"]
[Round "-"]
[White "teng109"]
[Black "KLEOJ"]
[Result "0-1"]
[WhiteElo "1998"]
[BlackElo "2055"]

1. e4 c5 2. b4 cxb4 3. d4 d5 4. e5 Nc6 5. f4 Bf5 6. Nf3 e6 7. Bb5 Nh6 8. O-O Be7
9. h3 O-O 10. g4 Be4 11. Bxc6 Bxf3 12. Qxf3 bxc6 13. f5 Bg5 14. f6 Bxc1 15. Rxc1
Kh8 16. Kh2 Ng8 17. g5 c5 18. h4 gxf6 19. gxf6 Nh6 20. Nd2 Nf5 21. dxc5 Qc7 0-1